Comparative anatomy of virgin and renewed bark in Hevea (Record no. 49393)

MARC details
000 -LEADER
fixed length control field 00467nam a2200145Ia 4500
100 ## - MAIN ENTRY--AUTHOR NAME
Personal name Premakumari D.
245 #0 - TITLE STATEMENT
Title Comparative anatomy of virgin and renewed bark in Hevea
260 ## - PUBLICATION, DISTRIBUTION, ETC. (IMPRINT)
Name of publisher Placrosym IX, 1990, Bangalore, India. Journal of Plantation Crops, 20 (Supplement): 204-206.
Year of publication 1992
650 ## - SUBJECT ADDED ENTRY--TOPICAL TERM
Topical Term Bark regeneration
650 ## - SUBJECT ADDED ENTRY--TOPICAL TERM
Topical Term Virgin bark
700 ## - ADDED ENTRY--PERSONAL NAME
Personal name George P.J.
700 ## - ADDED ENTRY--PERSONAL NAME
Personal name Panikkar A.O.N.
942 ## - ADDED ENTRY ELEMENTS (KOHA)
Koha item type Bibliography STAF
Holdings
Withdrawn status Lost status Damaged status Not for loan Home library Current library Shelving location Date acquired Koha item type
      Bibliography RRII Library RRII Library Botany 09/04/2014 Bibliography STAF